Online
Catalog

Fiestas patronales y juegos populares dominicanos / (Record no. 16168)

MARC details
000 -CABECERA
campo de control de longitud fija 00933nam a2200265 a 4500
001 - NÚMERO DE CONTROL
campo de control 000016635
003 - IDENTIFICADOR DEL NÚMERO DE CONTROL
campo de control OSt
005 - FECHA Y HORA DE LA ÚLTIMA TRANSACCIÓN
campo de control 20240305102114.0
007 - CAMPO FIJO DE DESCRIPCIÓN FÍSICA--INFORMACIÓN GENERAL
campo de control de longitud fija ta
008 - DATOS DE LONGITUD FIJA--INFORMACIÓN GENERAL
campo de control de longitud fija 100308s1979 dr a 000 0 spa d
040 ## - FUENTE DE LA CATALOGACIÓN
Centro catalogador/agencia de origen DO-SdBNP
Lengua de catalogación spa
Centro/agencia transcriptor BNPHU
082 ## - NÚMERO DE LA CLASIFICACIÓN DECIMAL DEWEY
Número de clasificación xxx
Número de documento/Ítem L789f
100 1# - ENTRADA PRINCIPAL--NOMBRE DE PERSONA
Nombre de persona Lizardo, Fradique,
Fechas asociadas al nombre 1930-1997
9 (RLIN) 62027
245 10 - MENCIÓN DE TÍTULO
Título Fiestas patronales y juegos populares dominicanos /
Mención de responsabilidad, etc. Fradique Lizardo, J.P. Muñoz Victoria
260 ## - PUBLICACIÓN, DISTRIBUCIÓN, ETC.
Lugar de publicación, distribución, etc. Santo Domingo :
Nombre del editor, distribuidor, etc. Fundación García-Arévalo,
Fecha de publicación, distribución, etc. 1979.
300 ## - DESCRIPCIÓN FÍSICA
Extensión 318 p. :
Otras características físicas il. , fotos , mapa, gráfico ;
Dimensiones 22 cm.
440 3# - MENCIÓN DE SERIE/PUNTO DE ACCESO ADICIONAL--TÍTULO
Título Investigaciones ;
Número de parte o sección de la obra No. 11
9 (RLIN) 76867
500 ## - NOTA GENERAL
Nota general Incluye datos biográficos de los autores en la contraportada
500 ## - NOTA GENERAL
Nota general Incluye notas al pie de las páginas
504 ## - NOTA DE BIBLIOGRAFÍA, ETC.
Nota de bibliografía, etc. Incluye referencias bibliográficas ( p. 311-315)
590 ## - NOTA LOCAL (RLIN)
Nota local Inventariado, 2020/ YL
700 12 - PUNTO DE ACCESO ADICIONAL--NOMBRE DE PERSONA
Nombre de persona Muñoz Victoria, J. P.
9 (RLIN) 36949
910 ## - DATOS DE OPCIÓN DEL USUARIO (OCLC)
Datos de opción del usuario En proceso
942 ## - ELEMENTOS DE PUNTO DE ACCESO ADICIONAL (KOHA)
Fuente del sistema de clasificación o colocación Dewey Decimal Classification
Tipo de ítem Koha Libros y folletos
Holdings
Estado de retiro Estado de pérdida Fuente del sistema de clasificación o colocación No para préstamo Código de colección Localización permanente Ubicación/localización actual Ubicación en estantería Fecha de adquisición Fuente de adquisición Número de inventario Total de préstamos Signatura topográfica completa Código de barras Fecha visto por última vez Precio válido a partir de Tipo de ítem Koha Número de copia
    Dewey Decimal Classification Excluido de préstamo Patrimonio Dominicano Patrimonio Dominicano Patrimonio Dominicano En catalogación 08.03.2010 Donación LF1   xxx L789f 16635-10 25.06.2020 25.06.2020 Libro y Folleto Colección Patrimonio Dominicano  
    Dewey Decimal Classification Excluido de préstamo Patrimonio Dominicano Patrimonio Dominicano Patrimonio Dominicano En catalogación 08.03.2013 Flia. Reyes Duluc LF1   xxx L789f 16635-20 25.06.2020 25.06.2020 Libro y Folleto Colección Patrimonio Dominicano e.2

Powered by Koha